Historically Large U.S. Cities - Statistics

General Stats
  • This quiz has been taken 10,826 times
    10,281 since last reset
  • The average score is 70 of 134
Answers on the Map
Answers color-coded by a green-red scale on the quiz's map according to % correct below.
 
Answer Stats
Peak year Peak City % Correct
1990– 2 Los Angeles
97%
1820– 1 New York
96%
1980 41 Miami
95%
2020– 18 Seattle
95%
1890–1980 2 Chicago
94%
1980 7 Dallas
94%
1990– 4 Houston
94%
1880, 1900 9 San Francisco
94%
1850 3 Boston
92%
1920–1940 4 Detroit
91%
2020– 26 Las Vegas
91%
1840 3 New Orleans
91%
1990 6 San Diego
91%
1960 24 Atlanta
90%
2020– 5 Phoenix
90%
1820 15 Portland, ME
90%
1920 24 Portland, OR
90%
2020- 19 Denver
89%
1860–1880 2 Philadelphia
89%
2020– 11 Austin
88%
1930 15 Minneapolis
87%
1920–1940 19 Kansas City
86%
2010– 35 Sacramento
86%
2020– 21 Oklahoma City
85%
1960 48 Tampa
85%
1980 36 Honolulu
84%
1990 11 Indianapolis
84%
2020– 21 Nashville
84%
2010 11 Jacksonville
83%
2010– 7 San Antonio
83%
1820, 1950–1970 9 Washington
82%
1920 5 Cleveland
81%
1910 8 Pittsburgh
81%
1870, 1900–1910 4 St. Louis
81%
2010– 32 Albuquerque
80%
1900 8 Buffalo
80%
1980 14 Memphis
80%
1820–1850 2 Baltimore
79%
2020- 14 Columbus
79%
2010 19 El Paso
79%
1960 11 Milwaukee
79%
1840–1850 6 Cincinnati
78%
2010– 10 San Jose
78%
2020– 16 Charlotte
77%
2020- 13 Fort Worth
77%
1890–1900 23 St. Paul
76%
1830–1840 9 Albany
75%
2020– 41 Raleigh
75%
1950 27 Oakland
71%
1820 12 Richmond
70%
1830, 1850 34 Birmingham
69%
1860 12 Louisville
69%
2000 29 Tucson
69%
1820–1830 6 Charleston
68%
1890 22 Omaha
68%
1980 38 Tulsa
67%
1830 12 Providence
66%
2020– 40 Colorado Springs
65%
1860 11 Newark
64%
1820 18 Savannah
64%
1860 31 Hartford
61%
2010– 34 Fresno
60%
1860 27 Mobile
59%
1990 37 Virginia Beach
58%
1830 43 Augusta
57%
1860 18 Rochester
57%
1910 48 Spokane
57%
1850 28 Syracuse
57%
1890 50 Trenton
57%
2020– 49 Wichita
56%
1900, 1920 26 Toledo
56%
1920 32 Akron
54%
1820 35 Lexington
53%
2010– 50 Arlington
50%
2020– 48 Bakersfield
50%
1900–1910 44 Grand Rapids
50%
1870–1880, 1900 17 Jersey City
49%
1840 35 Springfield
49%
1940 40 Dayton
48%
1990 32 Long Beach
48%
1830, 1860 23 New Haven
47%
2020– 37 Mesa
45%
1820 16 Norfolk
42%
1870 35 Scranton
42%
1860–1880 3 Brooklyn
41%
1820 10 Salem
40%
1930 50 Flint
38%
1860 44 Manchester
38%
1820 36 Wilmington
37%
1820 21 Newport
35%
1880 28 Worcester
35%
1920 44 Bridgeport
33%
1820 17 Alexandria
32%
1840 44 Bangor
32%
1880 31 Cambridge
32%
1820 23 Nantucket
28%
1830–1840 29 Utica
27%
1930 45 Youngstown
26%
1820 45 Plymouth
24%
1820 29 Lancaster
21%
1820 20 Portsmouth
21%
1880 44 Camden
20%
1840 18 Lowell
20%
1870 36 Reading
17%
1900 32 Paterson
15%
1900 34 St. Joseph
15%
1830 19 Troy
15%
1900 33 Fall River
12%
1850 49 Faubourg Lafayette
11%
1820 32 Gloucester
11%
1850 23 Williamsburg
11%
1820 19 Georgetown
10%
1870 45 Lawrence
10%
1820 28 Petersburg
10%
1870–1880 23 Allegheny
8%
1820 50 Fairfield
7%
1820 34 Hudson
7%
1820 33 Marblehead
6%
1820 27 Newburyport
6%
1820–1830 7 Northern Liberties
6%
1820 42 Taunton
6%
1820 47 Beverly
5%
1830 26 Charlestown
5%
1820 44 Middletown Township
5%
1820 41 Groton
4%
1820 39 Middleborough
4%
1850 12 Kensington
3%
1860 34 Roxbury
3%
1840 38 Smithfield
3%
1820 8 Southwark
3%
1850 9 Spring Garden
3%
1820 48 Woodbridge Township
3%
1820 49 Deep River
2%
1840–1850 27 Moyamensing
1%
No matching quizzes found
Score Distribution
Percent of People with Each Score
Percentile by Number Answered
Your Score History
You have not taken this quiz since the last reset